| 000 | 00418nam a2200181Ia 4500 | ||
|---|---|---|---|
| 001 | 1175 | ||
| 005 | 20260306140612.0 | ||
| 008 | 260306t2009||||xx |||||||||||||| ||spa|| | ||
| 041 | _aESP | ||
| 082 |
_a186.3 _bC61C |
||
| 100 |
_aCicerón, Marco Tulio _eAUT |
||
| 245 | 0 | _aAcerca de los deberes | |
| 260 | _c2009 | ||
| 300 |
_av.s páginas : _c21 cm. |
||
| 650 | _aGEN | ||
| 654 | _aCHU | ||
| 942 |
_cLIB _dJUS _fJUS _2ddc _n |
||
| 999 |
_c1175 _d1175 |
||